[Event "ACT-ch"]
[Site "Canberra"]
[Date "2015.03.08"]
[Round "4"]
[White "Badrinarayan, Sankeertan"]
[Black "Satrapa, James"]
[Result "1/2-1/2"]
[WhiteElo "1334"]
[BlackElo "1775"]
[PlyCount "91"]
[EventDate "2015.03.06"]
[EventType "swiss"]
[EventRounds "7"]
[EventCountry "AUS"]
[SourceTitle "CBM 165 Extra"]
[Source "ChessBase"]
[SourceDate "2015.04.21"]
[SourceVersion "1"]
[SourceVersionDate "2015.04.21"]
[SourceQuality "1"]

1. d4 Nf6 2. c4 c6 3. Nc3 d5 4. Nf3 Nbd7 5. Bf4 e6 6. e3 Be7 7. Be2 0-0 8. 0-0 Nh5 9. Bg3 Nxg3 10. hxg3 Nf6 11. Qc2 Re8 12. a3 a5 13. c5 Nd7 14. b4 b6 15. b5 bxc5 16. bxc6 Nb8 17. Bb5 Qc7 18. Rfb1 Ba6 19. dxc5 Nxc6 20. Qa4 Rec8 21. Bxa6 Rxa6 22. Qb5 Nb8 23. Na4 Rc6 24. Nd4 Bf6 25. Nxc6 Nxc6 26. Ra2 Rb8 27. Qd3 Ne5 28. Rxb8+ Qxb8 29. Rb2 Qxb2 30. Nxb2 Nxd3 31. Nxd3 Kf8 32. Kf1 Ke7 33. Ke2 Kd7 34. Kd2 Kc6 35. Kc2 Be7 36. Kb3 Bxc5 37. Ne5+ Kb5 38. a4+ Kb6 39. Nd7+ Kc6 40. Ne5+ Kc7 41. Nxf7 Be7 42. Ne5 Bf6 43. Nd3 Kd6 44. Nc1 Kc5 45. Nd3+ Kd6 46. Nc1 1/2-1/2